| 000 | 00435nam a22001577a 4500 | ||
|---|---|---|---|
| 003 | BD-ChCU | ||
| 005 | 20260507100008.0 | ||
| 008 | 260507b bg ||||| |||| 00| 0 ben d | ||
| 040 | _cBD-ChCU | ||
| 082 | _aP 330.5 TRA | ||
| 100 |
_aTrade and Industry , Karachi ./ _922571 |
||
| 245 | _aThe pioneer monthly economic journal of Pakistan./ | ||
| 300 | _aVol. viii , vol . xi . | ||
| 650 | 0 |
_aEconomics . _922573 |
|
| 942 |
_2ddc _cBK _n0 |
||
| 999 |
_c112763 _d112763 |
||